|
|
|
|
| LEADER |
00000cam a2200000 4500 |
| 001 |
vtls011576059 |
| 003 |
SK-MaSNL |
| 005 |
20260426000132.0 |
| 008 |
220131s2015 xo o e 000 0 slo |
| 015 |
|
|
|a SNBE2021
|
| 020 |
|
|
|a 9788089173501 (brožované)
|
| 040 |
|
|
|a SNK
|b slo
|c SNK
|e rda
|
| 041 |
0 |
|
|a slo
|
| 043 |
|
|
|a e-xo---
|
| 044 |
|
|
|a xo
|c SK
|
| 072 |
|
7 |
|a 796
|x Šport. Hry. Telesné cvičenia
|2 konspekt
|
| 080 |
|
|
|a 796.966
|2 2011
|
| 080 |
|
|
|a 796.966.093.42
|2 2011
|
| 080 |
|
|
|a (437.6)
|2 2011
|
| 080 |
|
|
|a 796.966.093
|2 2011
|
| 080 |
|
|
|a (036)
|2 2011
|
| 110 |
2 |
|
|a Slovenský zväz ľadového hokeja
|4 aut
|9 35160
|
| 245 |
1 |
0 |
|a Rozpis súťaží organizovaných SZĽH 2015/2016
|c fotografie: Ján Súkup
|
| 250 |
|
|
|a Prvé vydanie
|
| 264 |
|
1 |
|a Topoľčany
|b Tristanpress
|c 2015
|
| 300 |
|
|
|a 272 strán
|b fotografie
|c 21 cm
|
| 336 |
|
|
|a text
|b txt
|2 rdacontent
|
| 337 |
|
|
|a bez média
|b n
|2 rdamedia
|
| 338 |
|
|
|a zväzok
|b nc
|2 rdacarrier
|
| 500 |
|
|
|a Vydané pre Slovenský zväz ľadového hokeja
|
| 610 |
2 |
7 |
|a Slovenský zväz ľadového hokeja
|2 SNKKA
|9 35160
|
| 648 |
|
7 |
|a 2015-2016
|2 SNKPH
|9 340318
|
| 650 |
0 |
7 |
|a ľadový hokej
|2 SNKPH
|9 3231
|
| 650 |
0 |
7 |
|a hokejové zápasy
|2 SNKPH
|9 133407
|
| 650 |
0 |
7 |
|a Ice hockey
|2 SNKPHeng
|9 275903
|
| 650 |
0 |
7 |
|a Ice hockey matches
|2 SNKPHeng
|9 335838
|
| 650 |
0 |
7 |
|a hokejové súťaže
|2 SNKPH
|9 92245
|
| 650 |
0 |
7 |
|a Hockey competitions
|2 SNKPHeng
|9 335839
|
| 651 |
|
7 |
|a Slovensko
|2 SNKPH
|9 14231
|
| 651 |
|
7 |
|a Slovakia
|2 SNKPHeng
|9 92630
|
| 655 |
|
7 |
|a informačné publikácie
|2 SNKPH
|9 70181
|
| 655 |
|
7 |
|a Information publications
|2 SNKPHeng
|9 265188
|
| 700 |
1 |
|
|a Súkup, Ján,
|d 1950-
|4 pht
|9 115579
|
| 852 |
|
|
|a Štátna vedecká knižnica v Banskej Bystrici
|
| 919 |
|
|
|a 978-80-89173-50-1
|
| 999 |
|
|
|c 847333
|d 849263
|
| 952 |
|
|
|a SNK
|b SNK
|y PREZ
|7 0
|p 17A1431607
|o snkSC 194317/2015/16
|i snk2021/12338
|8 0
|0 0
|1 0
|4 0
|d 2021-09-10
|f 1
|l 0
|r 2025-10-14 00:00:00
|w 2026-02-24
|
| 952 |
|
|
|a SNK
|b SNK
|y VYP
|7 0
|p 17A1431608
|o snkSC 194317/2015/16 D1
|i snk2021/12339
|8 0
|0 0
|1 0
|4 0
|d 2021-09-10
|l 0
|r 2026-02-24 04:31:12
|w 2026-02-24
|